Ulysse et Alice /

সংরক্ষণ করুন:
গ্রন্থ-পঞ্জীর বিবরন
প্রধান লেখক: Bertouille, Ariane (লেখক), Favreau, Marie-Claude (লেখক)
বিন্যাস: গ্রন্থ
ভাষা:ফরাসি
প্রকাশিত: Montreal : Remue-Menage, c2006
ট্যাগগুলো: ট্যাগ যুক্ত করুন
কোনো ট্যাগ নেই, প্রথমজন হিসাবে ট্যাগ করুন!

MARC

LEADER 00000nam a22000007i 4500
001 IT\ICCU\UBO\3688030
003 ItRI
005 20260115231840.0
008 090914s2006 xxc|||||| ||||| |||||c
020 |a 289091237X 
040 |b ita  |c importazione bologna sebina 
041 7 |a fre  |2 ISO-639-2 
100 1 |a Bertouille, Ariane  |0 IT\ICCU\UBOV\358217  |4 aut 
245 1 0 |a Ulysse et Alice /  |c Ariane Bertouille, Marie-Claude Favreau. 
260 |a Montreal :  |b Remue-Menage,  |c c2006 
300 |a 1 v. :  |b ill. ;  |c 34 cm 
500 |a Senza paginazione. 
700 1 |a Favreau, Marie-Claude  |0 IT\ICCU\UBOV\431170  |4 aut 
942 |2 ddc  |c BK  |n 0 
952 |0 0  |1 0  |4 0  |6 R_741_642000000000000_BER  |7 0  |9 14173  |a BO  |b BO  |d 2026-01-15  |i 13098  |l 0  |o R 741.642 BER  |p BO13098  |r 2026-01-15 23:18:40  |w 2026-01-15  |x [Sebina 5] [1 v.]  |y BK  |z 1 v. 
999 |c 12228  |d 12228